000 00661nam a22002057a 4500
003 DO-SdBNP
005 20210824140417.0
008 210824b 2018 dr 00| 0 eng d
020 _a9789945131970
040 _aDO-SdBNP
_bspa
_cBNPHU
100 1 _aSantana Martínez, Jesús María
_979555
245 1 _aHistoria del poblado de Nizao /
_cJesús María Santana Martínez ; prólogo José Eduardo Valdez Díaz
260 _aSanto Domingo :
_bMediabyte ;
_c2018.
300 _av. ;
_c23 cm.
504 _aBibliografía p. 165-166
590 _aInventariado, 2018/BT
700 1 _aValdez Díaz, José Eduardo,
_epról.
_979556
910 _aBtavárez
942 _2ddc
_cLBS1
999 _c50265
_d50265